00468nam a2200181 a 4500001001300000003000900013005001700022008004100039020001000080082001700090245002500107260004700132300000800179500003500187505001300222650001800235710003300253nice12345678IN_TiNIC20260116012354.0050524s1981 sina grp 000 0 eng  ac10000a270.82bCCA3 aIndochina Consortium aSingapurbChristian Conference Indiac1981 a41p aincludes index and biblioraphy2 aEpilogue aEcumenicalism2 aChristian Conference of Asia